Регионална библиотека "Любен Каравелов" - Русе

ПРАЗЕН (Запис номер 373927)

MARC детайли
000 -Лидер
Контролно поле с фиксирана дължина 00538nam a22002177a 4500
003 - Код на организацията, давaща контролен номер
Контролно поле BLK
005 - Дата и час на последна редакция
Контролно поле 20231212093004.0
008 - Елементи от данни с фиксирана дължина
fixed length control field 200709b bu ||||| |||| 00| 0 bu d
040 ## - Източник на каталожния запис
Идентификатор на билиотеката - собственик на записа BLK
041 ## - Код за език
Код за езика на текст/звукозапис или на отделно заглавие Български
Код за езика КДБФ Български
245 ## - Сведения за заглавието
Заглавие ПРАЗЕН
260 ## - Област на издателските данни
Място на издаване, разпространение и проч. София
Година на издаване 1991
300 ## - Физическа характеристика
Страници 216 с.
Размери/Мащаб 16 см
380 ## - Жанр
Жанр Религия. Теология
653 #7 - Ключова дума – ненормативна
9 (RLIN) 195460
Ключова дума религия
852 ## - Местоположение
Форматна сигнатура Цб І 26162
942 ## - АРТИКУЛИ
Вид на библиотечния материал Книги
Скрит в OPAC Не
Периодичен библиозапис Да
944 ## - СЪЗДАВАНЕ И РЕДАКЦИЯ на ЗАПИСА
Създаване/Редакция Създаване
Дата на регистрацията/редакция 2020-07-09
Служител, извършил регистрацията/редакцията 30553
Статус, дата на статуса Иваничка Йорданова
999 ## - СИСТЕМНИ КОНТРОЛНИ НОМЕРА
Koha biblionumber 373927
Koha biblioitemnumber 373927
999 ## - СИСТЕМНИ КОНТРОЛНИ НОМЕРА
Koha biblioitemnumber 373927
999 ## - СИСТЕМНИ КОНТРОЛНИ НОМЕРА
Koha biblioitemnumber 373927

Няма налични копия.

Vip Innovations Ltd, Rousse, Bulgaria 2025